The role of consecrated women in the missionary activity of the church: (Record no. 143029)

MARC details
000 -LEADER
fixed length control field 00714nam a22001817a 4500
005 - DATE AND TIME OF LATEST TRANSACTION
control field 20170801155312.0
010 ## - LCCN (DPL NO)
LC control number ENG-119500
020 ## - INTERNATIONAL STANDARD BOOK NUMBER
Terms of availability 325.00
International Standard Book Number 9788184654615
035 ## - SYSTEM CONTROL NUMBER
System control number EN-103032
037 ## - SOURCE OF ACQUISITION
Source of stock number/acquisition DBAD/PUB
082 ## - DEWEY DECIMAL CLASSIFICATION NUMBER
Classification number 280.660082
100 ## - MAIN ENTRY--PERSONAL NAME
Personal name Joseph, Mary Shruti
245 ## - TITLE STATEMENT
Title The role of consecrated women in the missionary activity of the church:
Statement of responsibility, etc by Mary Shruti Joseph
Remainder of title a missiological study in the context of Bihar, North India /
260 ## - PUBLICATION, DISTRIBUTION, ETC. (IMPRINT)
Place of publication, distribution, etc Delhi
Name of publisher, distributor, etc The Indian Society for Promoting Christian Knowlewdge(ISPCK))
Date of publication, distribution, etc 2014
270 ## - ADDRESS
Address 1585,1654 Madarsa Road Kashmere Gate
City Delhi
Postal code 110006
300 ## - PHYSICAL DESCRIPTION
Extent xxiii,284p. :
Dimensions 24cm(pbk)
Other physical details ill (maps)
942 ## - ADDED ENTRY ELEMENTS (KOHA)
Source of classification or shelving scheme Dewey Decimal Classification
Item type English Books
Call number suffix JOS
Classification part 280.660082
Holdings
Withdrawn status Lost status Not for loan Collection code Home library Current library Date acquired Source of acquisition Cost, normal purchase price Full call number Barcode Copy number Cost, replacement price Koha item type
      Non-fiction Patel Nagar Patel Nagar 01/08/2017 DBAD/PUB 325.00 280.660082 JOS EN-103032 1 325.00 English Books

© Delhi Public Library
Hit Counter
free hit counter